ARRUPE JESUIT UNIVERSITY

CORONAVIRUS -STOP THE SPREAD - CLEAN,DISINFECT,COVER

Philosophy and the study of religions : (Record no. 123445)

MARC details
000 -LEADER
fixed length control field 01083cam a2200289 i 4500
001 - CONTROL NUMBER
control field 18007400
003 - CONTROL NUMBER IDENTIFIER
control field ARRUPE
005 - DATE AND TIME OF LATEST TRANSACTION
control field 20151006081735.0
008 - FIXED-LENGTH DATA ELEMENTS--GENERAL INFORMATION
fixed length control field 140114s2014 enk b 001 0 eng
010 ## - LIBRARY OF CONGRESS CONTROL NUMBER
LC control number 2013038868
020 ## - INTERNATIONAL STANDARD BOOK NUMBER
International Standard Book Number 9781444330526 (cloth)
020 ## - INTERNATIONAL STANDARD BOOK NUMBER
International Standard Book Number 9781444330533 (pbk.)
040 ## - CATALOGING SOURCE
Original cataloging agency DLC
Language of cataloging eng
Transcribing agency DLC
Description conventions rda
Modifying agency DLC
042 ## - AUTHENTICATION CODE
Authentication code pcc
050 00 - LIBRARY OF CONGRESS CALL NUMBER
Classification number BL51
Item number .S435 2014
082 00 - DEWEY DECIMAL CLASSIFICATION NUMBER
Classification number 210.1
Edition number 23
300 ## - PHYSICAL DESCRIPTION
Dimensions 24 cm
100 1# - MAIN ENTRY--PERSONAL NAME
Personal name Schilbrack, Kevin,
Dates associated with a name 1964-
9 (RLIN) 20033
245 10 - TITLE STATEMENT
Title Philosophy and the study of religions :
Remainder of title a manifesto /
Statement of responsibility, etc Kevin Schilbrack.
300 ## - PHYSICAL DESCRIPTION
Extent xx, 226 pages ;
504 ## - BIBLIOGRAPHY, ETC. NOTE
Bibliography, etc Includes bibliographical references (pages 207-222) and index.
650 #0 - SUBJECT ADDED ENTRY--TOPICAL TERM
Topical term or geographic name as entry element Religion
General subdivision Philosophy.
9 (RLIN) 20034
650 #0 - SUBJECT ADDED ENTRY--TOPICAL TERM
Topical term or geographic name as entry element Religions.
9 (RLIN) 20035
776 08 - ADDITIONAL PHYSICAL FORM ENTRY
Display text Online version:
Main entry heading Schilbrack, Kevin, 1964-
Title Philosophy and the study of religions
Place, publisher, and date of publication Hoboken : Wiley, 2014
International Standard Book Number 9781118323076
Record control number (DLC) 2014002853
906 ## - LOCAL DATA ELEMENT F, LDF (RLIN)
a 7
b cbc
c orignew
d 1
e ecip
f 20
g y-gencatlg
942 ## - ADDED ENTRY ELEMENTS (KOHA)
Source of classification or shelving scheme Library of Congress Classification
Koha item type Monograph ( Printed materials)
Holdings
Withdrawn status Lost status Source of classification or shelving scheme Damaged status Not for loan Collection code Home library Current library Shelving location Date acquired Total Checkouts Full call number Barcode Date last seen Date checked out Price effective from Koha item type
    Library of Congress Classification     Main Collection ARRUPE LIBRARY ARRUPE LIBRARY Main Collection 06/10/2015 1 BL51 .S435 2014 46500005096 26/10/2016 07/10/2015 06/10/2015 Monograph ( Printed materials)

 

Arrupe Library. PO Box MP320 Mt Pleasant, Harare, Zimbabwe
263 242 745411|librarian@aju.ac.zw